Heródoto

Guardat en:
Dades bibliogràfiques
Autor principal: Schlögl, Albert (Autor)
Format: Llibre
Idioma:espanyol
Publicat: Madrid Alderabán 2000
Col·lecció:Colección Silenio, 10
Matèries:
Etiquetes: Afegir etiqueta
Sense etiquetes, Sigues el primer a etiquetar aquest registre!

MARC

LEADER 00000nam a2200000 a 4500
001 UCI0981
003 CL-VaPUC
005 20231026191208.0
008 070608e20000000SP |||||||||||||||||spa|d
999 |c 325931  |d 325929 
020 |a 8488676956 
040 |c Pontificia Universidad Católica de Valparaíso 
082 0 4 |a 938  |b SCH  |2 21 
100 0 |a Schlögl, Albert  |e author  |9 521253 
245 1 0 |a Heródoto 
260 |a Madrid  |b Alderabán  |c 2000 
300 |a 252 p 
490 0 |a Colección Silenio, 10 
583 |a last modification  |c 20140406 05:56:30  |k Rodrigo Vera 
600 0 7 |a Heródoto   |y 484-420 a.C.  |9 885376 
650 0 |a Historia antigua  |9 267521  |z Grecia 
650 0 |a Historiografía   |9 257871 
942 |c BK  |2 ddc 
945 |d 20070608 00:00:00  |a jtorresc 
952 |0 0  |1 0  |4 0  |6 938_000000000000000_SCH_2000  |7 0  |8 A  |9 407448  |a BIBHIS  |b BIBHIS  |d 2019-11-22  |i 4345916  |o 938 SCH 2000  |p 4345916  |r 2025-01-20  |w 2019-11-22  |y BK  |k HIS